La inquisición española
Bewaard in:
| Hoofdauteur: | |
|---|---|
| Formaat: | Onbekend |
| Taal: | Spanish |
| Gepubliceerd in: |
Barcelona, España
Editorial Crítica
c1998
|
| Editie: | 3 edición |
| Onderwerpen: | |
| Tags: |
Voeg label toe
Geen labels, Wees de eerste die dit record labelt!
|
MARC
| LEADER | 000000000a22000000004500 | ||
|---|---|---|---|
| 001 | 002070 | ||
| 008 | 171122b xxu||||| |||| 00| 0 spa d | ||
| 020 | |a 8474232686 | ||
| 041 | 0 | |a spa | |
| 082 | 0 | 4 | |a 272.209.46 |b K15i3 |
| 100 | 1 | |a Kamen, Henry | |
| 245 | 1 | 3 | |a La inquisición española |
| 250 | |a 3 edición | ||
| 260 | |a Barcelona, España |b Editorial Crítica |c c1998 | ||
| 300 | |a xii, 369 páginas |b ilustraciones | ||
| 500 | |a número de inscripción 06027 -- Título original: Inquisition and society in Spain | ||
| 650 | 4 | |a INQUISICION ESPAÑOLA | |
| 650 | 4 | |a IGLESIA CATOLICA EN ESPAÑA | |
| 651 | 4 | |a ESPAÑA | |
| 942 | |2 ddc |c BK | ||
| 999 | |c 2947 |d 2947 | ||



